| 000 | 00531cam a2200217ua 4500 | ||
|---|---|---|---|
| 020 | _c48.00 (PB) | ||
| 041 |
_aeng _h |
||
| 082 |
_a658.501 _bBAL/IN |
||
| 100 |
_aBalasundaram, K. _95904 |
||
| 245 |
_aIndustrial Engineering / _cK.Balasundaram. _hTextual Documents |
||
| 250 |
_a2 / _b. |
||
| 260 |
_aCoimbatore : _bSree Ramalinka sowdeswari publications , _c1994. |
||
| 300 | _a325 ; . | ||
| 365 | _a48.00 | ||
| 504 | _a | ||
| 650 |
_aForecasting _95905 |
||
| 942 | _cBK | ||
| 999 |
_c17 _d17 |
||
| 003 | @ | ||
| 003 | OSt | ||